Neonatal Intensive Care Nursing / (Record no. 15239)
[ view plain ]
| 000 -LEADER | |
|---|---|
| fixed length control field | 02556cam a22004094a 4500 |
| 001 - CONTROL NUMBER | |
| control field | 15882907 |
| 005 - DATE AND TIME OF LATEST TRANSACTION | |
| control field | 20161025143320.0 |
| 008 - FIXED-LENGTH DATA ELEMENTS--GENERAL INFORMATION | |
| fixed length control field | 090821s2010 enka b 001 0 eng |
| 010 ## - LIBRARY OF CONGRESS CONTROL NUMBER | |
| LC control number | 2009034680 |
| 016 7# - NATIONAL BIBLIOGRAPHIC AGENCY CONTROL NUMBER | |
| Record control number | 101513637 |
| Source | DNLM |
| 020 ## - INTERNATIONAL STANDARD BOOK NUMBER | |
| International Standard Book Number | 0415477565 (pbk) |
| 020 ## - INTERNATIONAL STANDARD BOOK NUMBER | |
| International Standard Book Number | 9780415477567 (pbk) |
| 035 ## - SYSTEM CONTROL NUMBER | |
| System control number | (OCoLC)ocn434319115 |
| 040 ## - CATALOGING SOURCE | |
| Original cataloging agency | DNLM/DLC |
| Transcribing agency | DLC |
| Modifying agency | YDX |
| -- | BTCTA |
| -- | NLM |
| -- | YDXCP |
| -- | NLGGC |
| -- | DLC |
| 042 ## - AUTHENTICATION CODE | |
| Authentication code | pcc |
| 050 00 - LIBRARY OF CONGRESS CALL NUMBER | |
| Classification number | RJ253.5 |
| Item number | .N467 2010 |
| 060 00 - NATIONAL LIBRARY OF MEDICINE CALL NUMBER | |
| Classification number | 2010 F-337 |
| 060 10 - NATIONAL LIBRARY OF MEDICINE CALL NUMBER | |
| Classification number | WY 157.3 |
| Item number | N438 2010 |
| 082 00 - DEWEY DECIMAL CLASSIFICATION NUMBER | |
| Classification number | 618.9201 |
| Edition number | 22 |
| Item number | NEO |
| 245 00 - TITLE STATEMENT | |
| Title | Neonatal Intensive Care Nursing / |
| Statement of responsibility, etc | Edited by Glenys Boxwell. |
| 250 ## - EDITION STATEMENT | |
| Edition statement | 2nd ed. |
| 260 ## - PUBLICATION, DISTRIBUTION, ETC. (IMPRINT) | |
| Place of publication, distribution, etc | Abingdon, Oxon ; |
| -- | New York : |
| Name of publisher, distributor, etc | Routledge, 2010 |
| Date of publication, distribution, etc | 2010. |
| 300 ## - PHYSICAL DESCRIPTION | |
| Extent | xxxvii, 503 p. : |
| Other physical details | ill. (some col.) ; |
| Dimensions | 26 cm. |
| 504 ## - BIBLIOGRAPHY, ETC. NOTE | |
| Bibliography, etc | Includes bibliographical references and index. |
| 505 0# - FORMATTED CONTENTS NOTE | |
| Formatted contents note | Evidence based practice / Fiona Hutchinson -- Developmentally focussed nursing care / Tilly Reid & Yvonne Freer -- Families in NICU / Sue Turrill & Liz Crathern -- Resuscitation of the newborn / Glenys Connolly (nee Boxwell) -- Management of thermal stability / Pauline Fellows -- Management of respiratory disorders / Simone Jollye & David Summers -- Management of cardiovascular disorders / Rosarie Lombard -- Neonatal brain injury / Anja Hale -- Management of haematological disorders / Katie McKenna, Jackie Dent -- Management of neonatal pain / Kaye Spence -- Fluid and electrolyte balance / Glenys Connolly (nee Boxwell) and Dee Beresford -- Nutritional management in NICU / Kate Spence -- Neonatal infection / Glenys Connolly (nee Boxwell) -- Diagnostic and therapeutic procedures / Glenys Connolly and Elizabeth Harling -- Neonatal anaesthesia / Liam Brennan, Rachel Homer, Beverley Guard -- Neonatal surgery / Anne Aspin, Stevie Boyd -- Neonatal transport / Anne Mitchell, Stevie Boyd -- Medication in the newborn / Peter Mulholl and Catherine Hall -- Bereavement in the NICU / Joan Cameron -- Ethics and neonatal nursing / Helen Frizzel (nee McBean). |
| 650 #0 - SUBJECT ADDED ENTRY--TOPICAL TERM | |
| Topical term or geographic name as entry element | Neonatal intensive care. |
| 9 (RLIN) | 23578 |
| 650 #0 - SUBJECT ADDED ENTRY--TOPICAL TERM | |
| Topical term or geographic name as entry element | Intensive care nursing. |
| 9 (RLIN) | 23580 |
| 650 12 - SUBJECT ADDED ENTRY--TOPICAL TERM | |
| Topical term or geographic name as entry element | Intensive Care, Neonatal |
| General subdivision | methods. |
| 9 (RLIN) | 23581 |
| 650 12 - SUBJECT ADDED ENTRY--TOPICAL TERM | |
| Topical term or geographic name as entry element | Neonatal Nursing |
| General subdivision | methods. |
| 9 (RLIN) | 23582 |
| 650 22 - SUBJECT ADDED ENTRY--TOPICAL TERM | |
| Topical term or geographic name as entry element | Infant, Newborn, Diseases |
| General subdivision | nursing. |
| 9 (RLIN) | 23583 |
| 650 22 - SUBJECT ADDED ENTRY--TOPICAL TERM | |
| Topical term or geographic name as entry element | Infant, Premature, Diseases |
| General subdivision | nursing. |
| 9 (RLIN) | 23584 |
| 653 ## - INDEX TERM--UNCONTROLLED | |
| Resource For college | |
| Arrived date list | April2011 |
| 650 #0 - SUBJECT ADDED ENTRY--TOPICAL TERM | |
| 9 (RLIN) | 23579 |
| Topical term or geographic name as entry element | Neonatal nursing |
| 700 1# - ADDED ENTRY--PERSONAL NAME | |
| Personal name | Boxwell, Glenys, |
| Dates associated with a name | 1957- |
| 9 (RLIN) | 23585 |
| 942 ## - ADDED ENTRY ELEMENTS (KOHA) | |
| Source of classification or shelving scheme | Dewey Decimal Classification |
| Item type | |
| Withdrawn status | Item status | Source of classification or shelving scheme | Damaged status | Not for loan | Vendor | Home library | Current library | Shelving location | Date acquired | Source of acquisition | Cost, normal purchase price | Serial Enumeration / chronology | Total Checkouts | Total Renewals | Full call number | Barcode | Checked out | Date last seen | Date last borrowed | Koha item type |
|---|---|---|---|---|---|---|---|---|---|---|---|---|---|---|---|---|---|---|---|---|
| Dewey Decimal Classification | Academic Bookshop | Central Library | Central Library | First floor | 03/05/2011 | 299.90 | 2065 | 4 | 40 | 618.9201 NEO | 000023520 | 24/11/2018 | 21/02/2016 | 21/02/2016 | Book - Borrowing | |||||
| Dewey Decimal Classification | Academic Bookshop | Central Library | Central Library | First floor | 03/05/2011 | 299.90 | 12149 | 6 | 23 | 618.9201 NEO | 000023521 | 15/07/2025 | 11/10/2018 | Book - Borrowing |